Revitalizácia Kollárovho námestia

Na minha lista:
Detalhes bibliográficos
Autor principal: Takács, András (Author)
Outros Autores: Stankoci, Ivan (Thesis advisor)
Formato: Manuscrito Livro
Idioma:eslovaco
Publicado em: 2018
Assuntos:
Acesso em linha:http://is.stuba.sk/zp/portal_zp.pl?podrobnosti=140224
https://opac.crzp.sk/?fn=detailBiblioForm&sid=CB745B58B0F7E53C0557CB6F3E25
Tags: Adicionar Tag
Sem tags, seja o primeiro a adicionar uma tag!

MARC

LEADER 00000ntm a22000003a 4500
001 stuzp70510
003 SK-STU
005 20230524125319.0
007 ta
008 150427s2015----xo-----f-mn---000-0-slo-d
040 |a STU  |b slo 
041 0 |a slo 
100 1 |a Takács, András  |u 010160  |4 aut  |U SvF Stavebná fakulta  |T SvF Katedra vodného hospodárstva krajiny  |X 77111  |U V160  |Y 16  |7 77111 
242 0 1 |a Revitalization of Kollar's Square  |y eng 
245 1 0 |a Revitalizácia Kollárovho námestia 
260 |c 2018 
650 4 |a revitalizácia  |2 slo 
650 4 |a Kollárovo námestie  |2 slo 
650 4 |a vegetácia  |2 slo 
650 4 |a oddych  |2 slo 
650 4 |a greenery  |2 eng 
650 4 |a revitalization  |2 eng 
650 4 |a Kollar square  |2 eng 
650 4 |a rest  |2 eng 
700 1 |a Stankoci, Ivan  |u 057170  |k Z1  |4 ths  |U FAD Fakulta architektúry  |T FA Ústav krajinnej a záhradnej architektúry  |X 5043  |U A7170  |Y 398  |7 A000005043 
856 4 |u http://is.stuba.sk/zp/portal_zp.pl?podrobnosti=140224 
856 4 |u https://opac.crzp.sk/?fn=detailBiblioForm&sid=CB745B58B0F7E53C0557CB6F3E25